<?xml version="1.0" encoding="UTF-8"?>
<record
    xmlns:xsi="http://www.w3.org/2001/XMLSchema-instance"
    xsi:schemaLocation="http://www.loc.gov/MARC21/slim http://www.loc.gov/standards/marcxml/schema/MARC21slim.xsd"
    xmlns="http://www.loc.gov/MARC21/slim">

  <leader>03455nam a2200277   4500</leader>
  <controlfield tag="001">113567</controlfield>
  <controlfield tag="003">DR-UNIBE</controlfield>
  <controlfield tag="005">20250509164238.0</controlfield>
  <controlfield tag="008">250507b2006    es ||||| |||| 00| 0 spa d</controlfield>
  <datafield tag="040" ind1=" " ind2=" ">
    <subfield code="a">BIBLIOTECA UNIBE</subfield>
    <subfield code="c">BIBLIOTECA UNIBE</subfield>
  </datafield>
  <datafield tag="041" ind1=" " ind2=" ">
    <subfield code="a">spa</subfield>
  </datafield>
  <datafield tag="082" ind1=" " ind2=" ">
    <subfield code="a">342.97284 R426d</subfield>
  </datafield>
  <datafield tag="110" ind1=" " ind2="0">
    <subfield code="a">Rep&#xFA;blica de El Salvador. Corte Suprema de Justicia</subfield>
    <subfield code="9">195202</subfield>
    <subfield code="e">autor</subfield>
  </datafield>
  <datafield tag="245" ind1="1" ind2="3">
    <subfield code="a">16 sentencias representativas de la sala de lo constitucional /</subfield>
    <subfield code="c">Corte Suprema de Justicia ; introducci&#xF3;n: Ren&#xE9; Fort&#xED;n Maga&#xF1;a ; dise&#xF1;o y producci&#xF3;n: Mart&#xED;n R. Pocasangre Posada ; diagramaci&#xF3;n: Roxana Maricela L&#xF3;pez de Linares ; dise&#xF1;o de portada: Antonio Alberto Aquino</subfield>
  </datafield>
  <datafield tag="250" ind1=" " ind2=" ">
    <subfield code="a">Primera edici&#xF3;n</subfield>
  </datafield>
  <datafield tag="260" ind1=" " ind2=" ">
    <subfield code="a">San Salvador: </subfield>
    <subfield code="b">Corte Suprema de Justicia. Secci&#xF3;n de Publicaciones, </subfield>
    <subfield code="c">2006</subfield>
  </datafield>
  <datafield tag="300" ind1=" " ind2=" ">
    <subfield code="a">777 p&#xE1;ginas :</subfield>
    <subfield code="c">23 x 17 cm</subfield>
  </datafield>
  <datafield tag="505" ind1=" " ind2=" ">
    <subfield code="a">1.  Sentencia de inconstitucionalidad 16-99 del 26 de junio de 2000 acerca de la imposibilidad de las candidaturas independientes para ser Diputado |
2.  Sentencia de inconstitucionalidad 33-37/2000 del 31 de agosto de 2001 acerca de la base a&#xE9;rea de Comalapa |
3.Sentencia de inconstitucionalidad 41-2000/2-2001/3-2001/4-2001 del 13 de noviembre de 2001 acerca de la Ley de Integraci&#xF3;n Monetaria |
4.Sentencia de inconstitucionalidad 9-97 del 15 de febrero de 2002 acerca del pacto de no apelar |
5.Sentencia de inconstitucionalidad 6-2000 del 17 de mayo de 2000 acerca del Art. 12 del C&#xF3;digo Electoral (Plancha Nacional) |
6. Sentencia de inconstitucionalidad 28-2002 del 8 de abril de 2003 acerca del Art 13. del C&#xF3;digo Electoral (Plancha Nacional) | |
7. Sentencia de amparo 674-2001 del 23 de diciembre de 2002 acerca del caso Jesuitas |
8. Sentencia de amparo 118-2002 del 2 de marzo de 2004 contra DICOM (H&#xE1;beas Data |
9.Sentencia desestimatoria de inconstitucionalidad 26-2002 del 25 de octubre de 2002 acerca de la Ley de Presupuesto General para el ejercicio financiero fiscal 2004 |
10. Sentencia de amparo 312-2004 del 17 de diciembre de 2004 a favor del Partido Dem&#xF3;crata Cristiano (PDC) |
11.Sentencia de amparo 312-2004 del 17 de diciembre de 2004 a favor del Partido de Conciliaci&#xF3;n Nacional (PCN) |
12.  Sentencia de inconstitucionalidad 8-2003/49-2003/2-2004/52004 del 22 de diciembre de 2004 acerca de la Ley de Bancos |
13.  Sentencia de inconstitucionalidad 59-2003 del 121 de julio de 2005 acerca del Fondo de Conservaci&#xF3;n Vial (FOVIAL) |
14.  Sentencia de inconstitucionalidad 36-2004 del 2 de septiembre de 2005 acerca de la autodeterminaci&#xF3;n informativa (H&#xE1;beas data)
 15. Sentencia e H&#xE1;beas Corpus 199-2005 del 21 de diciembre 2005 a favor de Enrique Altamirano Madriz y Lafitte Fern&#xE1;ndez |
16. Improcedencia de inconstitucionalidad 64-2005 del 1 de febrero de 2005 de la interpretaci&#xF3;n aut&#xE9;ntica del ART. 13 atribuci&#xF3;n 1 de la Ley Org&#xE1;nica del Ministerio P&#xFA;blico (Fiscal General Adjunto) |
17. Sentencia de inconstitucionalidad del 25 de abril de 2006 de la reforma al art&#xED;culo 159 del C&#xF3;digo Electoral 


</subfield>
  </datafield>
  <datafield tag="650" ind1=" " ind2="7">
    <subfield code="a">Recurso de inconstitucionalida</subfield>
    <subfield code="z">El Salvador</subfield>
    <subfield code="9">195208</subfield>
  </datafield>
  <datafield tag="651" ind1=" " ind2="7">
    <subfield code="a">El Salvador</subfield>
    <subfield code="x">Derecho constitucional</subfield>
    <subfield code="9">194980</subfield>
  </datafield>
  <datafield tag="700" ind1="1" ind2="0">
    <subfield code="a">Fort&#xED;n Maga&#xF1;a, Ren&#xE9;</subfield>
    <subfield code="9">194981</subfield>
    <subfield code="e">introducci&#xF3;n</subfield>
  </datafield>
  <datafield tag="700" ind1="1" ind2="0">
    <subfield code="a">Pocasangre Posada, Mart&#xED;n R.</subfield>
    <subfield code="9">194790</subfield>
    <subfield code="e">dise&#xF1;ador</subfield>
    <subfield code="e">producci&#xF3;n</subfield>
  </datafield>
  <datafield tag="700" ind1="1" ind2="0">
    <subfield code="a">L&#xF3;pez de Linares, Roxana Maricela</subfield>
    <subfield code="9">194902</subfield>
    <subfield code="e">diagramador</subfield>
  </datafield>
  <datafield tag="700" ind1="1" ind2="0">
    <subfield code="a">Aquino, Antonio Alberto</subfield>
    <subfield code="9">194982</subfield>
    <subfield code="e">dise&#xF1;ador de portada</subfield>
  </datafield>
  <datafield tag="942" ind1=" " ind2=" ">
    <subfield code="2">ddc</subfield>
    <subfield code="c">BK</subfield>
  </datafield>
  <datafield tag="999" ind1=" " ind2=" ">
    <subfield code="c">113567</subfield>
    <subfield code="d">113567</subfield>
  </datafield>
  <datafield tag="952" ind1=" " ind2=" ">
    <subfield code="0">0</subfield>
    <subfield code="1">0</subfield>
    <subfield code="2">ddc</subfield>
    <subfield code="7">0</subfield>
    <subfield code="8">GEN</subfield>
    <subfield code="a">Principal</subfield>
    <subfield code="d">2025-04-08</subfield>
    <subfield code="l">0</subfield>
    <subfield code="o">342.97284 R426d</subfield>
    <subfield code="p">250402</subfield>
    <subfield code="r">2025-05-07 09:04:19</subfield>
    <subfield code="t">Ej. 1</subfield>
    <subfield code="w">2025-05-07</subfield>
    <subfield code="y">BK</subfield>
  </datafield>
</record>
